[Event "Barnaul Kura Memorial"]
[Site "Barnaul"]
[Date "2023.02.25"]
[Round "1"]
[White "Boiarintsev, Vitaly"]
[Black "Grigoryev, Ivan D"]
[Result "1-0"]
[WhiteElo "2233"]
[BlackElo "1315"]
[PlyCount "79"]
[EventDate "2023.02.25"]
[EventType "swiss (rapid)"]
[EventRounds "11"]
[EventCountry "RUS"]
[SourceTitle "CBM 213 Extra"]
[Source "ChessBase"]
[SourceDate "2023.05.31"]
[SourceVersion "1"]
[SourceVersionDate "2023.05.31"]
[SourceQuality "1"]

1. c4 Nf6 2. Nc3 g6 3. g3 Bg7 4. Bg2 0-0 5. d4 d6 6. Nf3 Nc6 7. d5 Na5 8. Qd3 c5 9. 0-0 Rb8 10. e4 Bd7 11. e5 Ng4 12. exd6 exd6 13. Bf4 Bf5 14. Ne4 Re8 15. Rae1 b5 16. cxb5 c4 17. Qc2 Rxb5 18. Qa4 Rxd5 19. Nxd6 Rxe1 20. Rxe1 Bd7 21. Qc2 Be6 22. h3 Nf6 23. Qa4 Nh5 24. Nxc4 Nxc4 25. Qxc4 Nxf4 26. Qxf4 Ra5 27. b4 Rxa2 28. Ng5 Bb3 29. Bc6 Ra1 30. Rxa1 Bxa1 31. Qe3 Qd1+ 32. Kh2 h6 33. Bf3 Qc2 34. Ne4 Bg7 35. Qxa7 Qc4 36. Qc5 Bd4 37. Qe7 Qe6 38. Qd8+ Kh7 39. Qxd4 f5 40. Nf6+ 1-0

[Event "Chigorin Memorial Blitz"]
[Site "St Petersburg"]
[Date "2022.10.21"]
[Round "5"]
[White "Afanasiev, Nikita"]
[Black "Boiarintsev, Vitaly"]
[Result "1-0"]
[WhiteElo "2569"]
[BlackElo "2252"]
[PlyCount "82"]
[EventDate "2022.10.21"]
[EventType "swiss (blitz)"]
[EventRounds "11"]
[EventCountry "RUS"]
[SourceTitle "EXT 2024"]
[Source "ChessBase"]
[SourceDate "2023.10.10"]
[SourceVersion "1"]
[SourceVersionDate "2023.10.10"]
[SourceQuality "1"]

1. Nf3 d6 2. e4 Bg4 3. h3 Bh5 4. d4 Nd7 5. Bc4 e5 6. Nc3 Ngf6 7. Be3 c6 8. a4 Be7 9. 0-0 0-0 10. Re1 Nxe4 11. Nxe4 d5 12. Be2 exd4 13. Qxd4 dxe4 14. Qxe4 Bg6 15. Qc4 Bf6 16. Qb3 Qc7 17. Rad1 b6 18. Nd4 Nc5 19. Qc4 Be4 20. Bf3 Rfe8 21. b4 Nxa4 22. Bxe4 Rxe4 23. Qxc6 Qxc6 24. Nxc6 a6 25. Rd7 b5 26. Red1 h5 27. R1d5 h4 28. Nd8 Rxd8 29. Rxd8+ Bxd8 30. Rxd8+ Kh7 31. Bd4 f6 32. c3 Re1+ 33. Kh2 Rc1 34. Rc8 Kg6 35. Rc6 Kf5 36. g4+ hxg3+ 37. Kxg3 Rc2 38. h4 Kg6 39. Kg4 Rc1 40. h5+ Kh7 41. Rc7 Kg8 1-0

[Event "Moscow op-A 18th"]
[Site "Moscow"]
[Date "2022.07.18"]
[Round "6"]
[White "Drygalov, Andrey"]
[Black "Boiarintsev, Vitaly"]
[Result "1-0"]
[WhiteElo "2494"]
[BlackElo "2263"]
[PlyCount "124"]
[EventDate "2022.07.14"]
[EventType "swiss"]
[EventRounds "9"]
[EventCountry "RUS"]
[SourceTitle "CBM 209 Extra"]
[Source "ChessBase"]
[SourceDate "2022.09.30"]
[SourceVersion "1"]
[SourceVersionDate "2022.09.30"]
[SourceQuality "1"]

1. d4 e5 2. dxe5 Nc6 3. Nf3 Nge7 4. Bf4 Ng6 5. Bg3 Bc5 6. Nc3 0-0 7. e3 Re8 8. Qd5 Qe7 9. Bc4 a6 10. h4 Bb4 11. h5 Ngxe5 12. Nxe5 Nxe5 13. Bxe5 Qxe5 14. Qxf7+ Kh8 15. h6 g6 16. 0-0 c6 17. Ne4 Qe7 18. Qxe7 Bxe7 19. Bb3 d5 20. Ng3 Bf8 21. c4 dxc4 22. Bxc4 Bxh6 23. Rad1 b5 24. Be2 Be6 25. Bf3 Rac8 26. Rd6 Bxa2 27. Ra1 Re6 28. Rd2 Rxe3 29. fxe3 Bxe3+ 30. Rf2 Bc4 31. Rxa6 c5 32. Ne4 b4 33. Ra7 Rf8 34. Kh2 Bd3 35. Re2 Bxe2 36. Bxe2 Bd4 37. Ng5 Bg7 38. Nf7+ Rxf7 39. Rxf7 Bxb2 40. Bc4 Bc3 41. Kh3 Bd2 42. Kg4 Be3 43. Kf3 Bd4 44. Ke4 Kg8 45. Rb7+ Kh8 46. Rc7 h5 47. Kf4 Bf6 48. Rxc5 Kg7 49. Rc6 Bc3 50. Bd3 Bd2+ 51. Ke5 Bc3+ 52. Kd5 Bf6 53. Rb6 h4 54. Rxb4 Kh6 55. Ke6 Bd8 56. Rd4 Bg5 57. Kf7 Be3 58. Rd6 Kg5 59. Rxg6+ Kf4 60. Be2 Bf2 61. Bg4 Ke5 62. Bh3 Kd5 1-0

[Event "Aksu"]
[Site "Aksu Pavlodar"]
[Date "2019.10.20"]
[Round "4"]
[White "Boiarintsev, Vitaly"]
[Black "Kaiyrbekov, Rustam"]
[Result "0-1"]
[WhiteElo "2324"]
[BlackElo "2341"]
[PlyCount "175"]
[EventDate "2019.10.17"]
[EventType "tourn"]
[EventRounds "9"]
[EventCountry "KAZ"]
[SourceTitle "CBM 192 Extra"]
[Source "Chessbase"]
[SourceDate "2019.11.06"]
[SourceVersion "1"]
[SourceVersionDate "2019.11.06"]
[SourceQuality "1"]

1. e4 c5 2. Nf3 e6 3. Nc3 Nc6 4. Bb5 Nge7 5. 0-0 a6 6. Be2 Nd4 7. Nxd4 cxd4 8. Nb1 g6 9. d3 Bg7 10. Nd2 d5 11. exd5 Nxd5 12. Bf3 0-0 13. Re1 b5 14. Ne4 Bb7 15. Bd2 Qc7 16. Rc1 Rac8 17. c4 dxc3 18. bxc3 Nf4 19. Be3 Rfd8 20. d4 Bxe4 21. Bxe4 Nd5 22. Bd2 Nb6 23. Qf3 Nd5 24. h4 Qa5 25. Rc2 Qa4 26. Re2 Bxd4 27. g4 Nxc3 28. Bxc3 Rxc3 29. Rxc3 Qd1+ 30. Kg2 Bxc3 31. Bb7 a5 32. Bc6 b4 33. g5 Rd3 34. Re3 Qxf3+ 35. Rxf3 Rd8 36. Ba4 Kf8 37. Rf4 Bd4 38. Kf1 Ke7 39. Ke2 Bc3 40. Kf1 Rd2 41. Bb3 a4 42. Bxa4 Rxa2 43. Bd1 Rd2 44. Ba4 Rd4 45. Rxd4 Bxd4 46. Ke2 Kd6 47. f4 Bb2 48. Kd3 Bc1 49. Ke4 Bd2 50. Bd1 Kc5 51. Ba4 Kd6 52. Bd1 Ke7 53. Ke5 Bc3+ 54. Ke4 Be1 55. h5 gxh5 56. Bxh5 b3 57. Bd1 b2 58. Bc2 Kf8 59. Kf3 Kg7 60. Kg4 Bd2 61. f5 exf5+ 62. Kxf5 h6 63. gxh6+ Bxh6 64. Ke5 Bd2 65. Kd6 Bc3 66. Ke7 f6 67. Ke6 Kh6 68. Kf5 Kh5 69. Kf4 Be5+ 70. Kf3 Kg5 71. Bb1 f5 72. Bc2 Kf6 73. Bb1 Bc3 74. Kf4 Bd2+ 75. Kf3 Ke5 76. Ke2 Bc1 77. Kf3 f4 78. Ke2 Kf6 79. Kf2 Kg5 80. Kf3 Kh4 81. Bf5 Be3 82. Kg2 Kg5 83. Bc2 Kg4 84. Bb1 f3+ 85. Kh2 Kf4 86. Ba2 Bd4 87. Kh3 Ke3 88. Kg4 0-1

[Event "RUS-chT2"]
[Site "Sochi"]
[Date "2019.05.07"]
[Round "6.2"]
[White "Boiarintsev, Vitaly"]
[Black "Gavrilin, Roman"]
[Result "1-0"]
[WhiteElo "2327"]
[BlackElo "2055"]
[PlyCount "165"]
[EventDate "2019.05.01"]
[EventType "team-swiss"]
[EventRounds "9"]
[EventCountry "RUS"]
[SourceTitle "CBM 190 Extra"]
[Source "ChessBase"]
[SourceDate "2019.07.15"]
[SourceVersion "1"]
[SourceVersionDate "2019.07.15"]
[SourceQuality "1"]
[WhiteTeam "Altai Territory"]
[BlackTeam "Ural Karpov Academy"]
[WhiteTeamCountry "RUS"]
[BlackTeamCountry "RUS"]

1. e4 c5 2. Nf3 d6 3. d4 cxd4 4. Qxd4 a6 5. Be3 Nc6 6. Qb6 Qxb6 7. Bxb6 Nf6 8. Nc3 Bg4 9. Be2 Rc8 10. h3 Bxf3 11. gxf3 g6 12. Be3 Bg7 13. 0-0-0 Ne5 14. Rd4 Nfd7 15. Nd5 Nc5 16. Kb1 Nc6 17. Rdd1 Ne6 18. c3 Nc5 19. Rd2 b5 20. Rhd1 Ne5 21. b3 Ned7 22. c4 b4 23. Rg1 a5 24. Bd1 e6 25. Nf4 Ke7 26. Ne2 Ra8 27. Nd4 Bxd4 28. Bxd4 Rhb8 29. Re1 e5 30. Bb2 Ne6 31. Bc2 Ndc5 32. h4 f6 33. Red1 Rb6 34. Rh1 Nf4 35. Bc1 Nfe6 36. Rd5 Rba6 37. Rhd1 Rc6 38. Kb2 Rb8 39. Be3 Ra6 40. R1d2 Rc6 41. Kc1 Ra8 42. Kd1 Rg8 43. Ke1 Ra8 44. Kf1 Rg8 45. Bd1 Rf8 46. a3 Ra8 47. Ra2 Rca6 48. Rdd2 Rb8 49. Ra1 a4 50. axb4 Rxb4 51. bxa4 Rxc4 52. a5 Rb4 53. Be2 Ra8 54. a6 Rbb8 55. Raa2 Rb1+ 56. Kg2 f5 57. Bxc5 Nxc5 58. Bc4 Rb4 59. Rdc2 Ra7 60. Rab2 Rxb2 61. Rxb2 Kd7 62. Rb8 fxe4 63. fxe4 Kc7 64. Rh8 Kb6 65. Kf3 Nxa6 66. Kg4 Nc5 67. f3 Ka5 68. Rb8 Re7 69. Kg5 Rc7 70. Bd5 Rd7 71. Kh6 Nd3 72. Bc4 Nf4 73. Rb2 Re7 74. Bg8 Ne6 75. Bxh7 Nd4 76. Bxg6 Nxf3 77. h5 Ka4 78. Bf5 Ka3 79. Rb6 Re8 80. Kg7 d5 81. exd5 e4 82. Re6 Rd8 83. Rxe4 1-0

[Event "Moscow op-A 14th"]
[Site "Moscow"]
[Date "2018.02.01"]
[Round "6"]
[White "Kutsanyan, Andranik"]
[Black "Boiarintsev, Vitaly"]
[Result "0-1"]
[WhiteElo "2202"]
[BlackElo "2364"]
[PlyCount "64"]
[EventDate "2018.01.27"]
[EventType "swiss"]
[EventRounds "9"]
[EventCountry "RUS"]
[SourceTitle "CBM 182 Extra"]
[Source "ChessBase"]
[SourceDate "2018.02.23"]
[SourceVersion "1"]
[SourceVersionDate "2018.02.23"]
[SourceQuality "1"]

1. e4 g6 2. d4 Bg7 3. Nc3 c5 4. Nf3 Qa5 5. Be2 Nf6 6. 0-0 0-0 7. e5 Ng4 8. Nd5 Nc6 9. Bd2 Qd8 10. h3 d6 11. exd6 Qxd6 12. c4 Nf6 13. Bf4 Qd8 14. dxc5 Ne4 15. b4 e6 16. Nc7 Nc3 17. Qe1 e5 18. Nxa8 exf4 19. Rc1 Nxe2+ 20. Qxe2 Bf5 21. b5 Nb4 22. a3 Re8 23. Qd2 Nd3 24. Rcd1 Qe7 25. c6 bxc6 26. Nh4 Qxh4 27. Nc7 Rc8 28. Na6 f3 29. Rfe1 Nxe1 30. Qxe1 Bxh3 31. g3 Qh5 32. Qe7 g5 0-1

[Event "Moscow op-A 13th"]
[Site "Moscow"]
[Date "2017.01.30"]
[Round "3"]
[White "Boiarintsev, Vitaly"]
[Black "Mehar, Chinna Reddy CH"]
[Result "1/2-1/2"]
[WhiteElo "2391"]
[BlackElo "2255"]
[PlyCount "97"]
[EventDate "2017.01.28"]
[EventType "swiss"]
[EventRounds "9"]
[EventCountry "RUS"]
[SourceTitle "EXT 2018"]
[Source "ChessBase"]
[SourceDate "2017.10.13"]
[SourceVersion "1"]
[SourceVersionDate "2017.10.13"]
[SourceQuality "1"]

1. e4 c5 2. Nf3 d6 3. d4 cxd4 4. Qxd4 Nc6 5. Bb5 Bd7 6. Bxc6 Bxc6 7. Nc3 Nf6 8. Bg5 e6 9. 0-0-0 Be7 10. Rhe1 0-0 11. e5 dxe5 12. Nxe5 Qxd4 13. Rxd4 Rfc8 14. Nxc6 Rxc6 15. Ne4 e5 16. Rdd1 Nxe4 17. Bxe7 Nxf2 18. Rd2 Re6 19. Bd6 e4 20. Rxf2 Rxd6 21. Rxe4 Rad8 22. c4 f6 23. Re7 R6d7 24. Rxd7 Rxd7 25. Kc2 Kf7 26. b4 g6 27. Kc3 f5 28. c5 Kf6 29. b5 Rd1 30. Rc2 Ke6 31. Kb4 Kd7 32. c6+ bxc6 33. Rxc6 Rb1+ 34. Ka5 Rb2 35. a4 Rxg2 36. Ra6 f4 37. Rxa7+ Ke6 38. Rxh7 f3 39. Rh3 f2 40. Re3+ Kd7 41. Rf3 Rxh2 42. Ka6 g5 43. b6 g4 44. Rf8 g3 45. b7 g2 46. Rd8+ Ke7 47. Re8+ Kd7 48. Rd8+ Ke7 49. Re8+ 1/2-1/2

[Event "Barnaul Altay-ch"]
[Site "Barnaul"]
[Date "2014.10.19"]
[Round "9"]
[White "Boiarintsev, Vitaly"]
[Black "Reutov, Anton"]
[Result "1-0"]
[WhiteElo "2285"]
[BlackElo "1988"]
[PlyCount "85"]
[EventDate "2014.10.11"]
[EventType "swiss"]
[EventRounds "9"]
[EventCountry "RUS"]
[SourceTitle "EXT 2015"]
[Source "ChessBase"]
[SourceDate "2014.11.20"]
[SourceVersion "1"]
[SourceVersionDate "2014.11.20"]
[SourceQuality "1"]

1. e4 e5 2. Nf3 Nf6 3. Nc3 Bb4 4. Nxe5 0-0 5. Bc4 Qe7 6. Nf3 Bxc3 7. dxc3 Qxe4+ 8. Qe2 Qxe2+ 9. Bxe2 Nc6 10. Bf4 d6 11. 0-0-0 Bg4 12. h3 Bh5 13. g4 Bg6 14. Nh4 Rfe8 15. Rhe1 Re4 16. Be3 Rae8 17. Bf3 R4e7 18. Nxg6 hxg6 19. Rg1 Nd7 20. h4 Nde5 21. Bd5 a6 22. Bg5 Re6 23. f4 Nd7 24. Bxe6 Rxe6 25. f5 Re4 26. fxg6 fxg6 27. h5 Nce5 28. Bd8 Rc4 29. Rd4 Rc5 30. hxg6 Nxg6 31. Rf1 Nde5 32. Rf5 Nf8 33. Be7 Ne6 34. Re4 g6 35. Rf6 Ng5 36. Ref4 Kg7 37. Bf8+ Kg8 38. Bh6 Ngf7 39. g5 Nxh6 40. gxh6 Kh7 41. Rh4 b5 42. Re6 Nc6 43. Rxg6 1-0

[Event "Barnaul Altay-ch"]
[Site "Barnaul"]
[Date "2014.10.11"]
[Round "1"]
[White "Dronov, Alexander"]
[Black "Boiarintsev, Vitaly"]
[Result "0-1"]
[WhiteElo "2043"]
[BlackElo "2285"]
[PlyCount "48"]
[EventDate "2014.10.11"]
[EventType "swiss"]
[EventRounds "9"]
[EventCountry "RUS"]
[SourceTitle "EXT 2015"]
[Source "ChessBase"]
[SourceDate "2014.11.20"]
[SourceVersion "1"]
[SourceVersionDate "2014.11.20"]
[SourceQuality "1"]

1. e4 g6 2. Nf3 Bg7 3. Nc3 c5 4. Bc4 Nc6 5. 0-0 a6 6. a4 e6 7. d3 Nge7 8. Bg5 h6 9. Bh4 g5 10. Bg3 d5 11. Ba2 f5 12. exd5 exd5 13. h3 0-0 14. Qd2 f4 15. Bh2 Nd4 16. Nxd4 cxd4 17. Nb1 f3 18. g4 Ng6 19. c4 Nf4 20. Bxf4 Rxf4 21. Re1 Bxg4 22. cxd5 Bxh3 23. Re4 Rxe4 24. dxe4 Qd7 0-1